书目信息 |
| 题名: |
现代思维方式与领导活动
|
|
| 作者: | 李淮春 著 | |
| 分册: | ||
| 出版信息: | 北京 求实出版社 1987 |
|
| 页数: | 398页 | |
| 开本: | 20cm | |
| 丛书名: | ||
| 单 册: | ||
| 中图分类: | B842.5 | |
| 科图分类: | ||
| 主题词: | 言语--关系--思维 , 心理过程--思维 | |
| 电子资源: | ||
| ISBN: | 7-80033-000-1 | |
| 000 | 00649nam0 2200229 45 | |
| 001 | 0187001299 | |
| 005 | 20060425170556.57 | |
| 010 | @a7-80033-000-1@dCNY2.35 | |
| 100 | @a19900808d1987 em y0chiy0121 ea | |
| 101 | 0 | @achi |
| 102 | @aCN@b110000 | |
| 105 | @ay z 000yy | |
| 200 | 10 | @a现代思维方式与领导活动@Axian dai si wei fang shi yu ling dao huo dong@f李淮春著@FLi Huai Chun Zhu |
| 210 | @a北京@c求实出版社@d1987 | |
| 215 | @a398页@d20cm | |
| 606 | @a言语@x关系@x思维 | |
| 606 | 0 | @a心理过程@x思维 |
| 690 | @aB842.5@v3 | |
| 701 | 0 | @a李淮春@4著 |
| 801 | 2 | @aCN@bNLC@c20060425 |
| 801 | 0 | @aCN@b深圳图书馆@c20040427 |
| 905 | @dB842.5@e190 | |
| 现代思维方式与领导活动/李淮春著.-北京:求实出版社,1987 |
| 398页;20cm |
| ISBN 7-80033-000-1:CNY2.35 |
| ● |
| 相关链接 |
|
|
|
|
正题名:现代思维方式与领导活动
索取号:B842.5/190
 
预约/预借
| 序号 | 登录号 | 条形码 | 馆藏地/架位号 | 状态 | 备注 |
| 1 | 0204862 | 000513340 | 密集书库/ [索取号:B842.5/190] | 在馆 | |
| 2 | 0204863 | 202273510 | 密集书库/ [索取号:B842.5/190] | 在馆 | |
| 3 | 0204864 | 000513386 | 第一样本阅览室/ [索取号:B842.5/190] | 在馆 |